| 000 | 02461nam2a2200313 4500 | ||
|---|---|---|---|
| 001 | RU\NLR\BIBL_A\011706321 | ||
| 005 | 20180525104305.0 | ||
| 010 |
_a978-5-6040858-0-6 _9100 |
||
| 021 |
_aRU _bКН-П-18-027860 _9КН-П-18-2031 |
||
| 035 | _a(NLR Aleph) 011706321 | ||
| 035 | _a(RuMoRGB)009606271 | ||
| 090 |
_a11411875 _c11411875 |
||
| 100 | _a20180517d2018 u y0rusy50 ca | ||
| 101 | 0 | _arus | |
| 102 | _aRU | ||
| 105 | _a |||j|||000zy | ||
| 200 | 1 | _aНитрование толуола | |
| 210 | _d2018 | ||
| 215 |
_a87 с. _cил., табл. |
||
| 313 | _aпр-во тринитротолуола | ||
| 320 | _aБиблиогр.: с. 84-85 (14 назв.) | ||
| 461 | 0 |
_1001RU\NLR\BIBL_A\011712341 _12001#$aНитрование ароматических углеводородов$eучебное пособие$e[для студентов 4-6 курсов по направлению подготовки 18.05.00 "Химическая технология энергонасыщенных веществ и материалов"]$fМ.А. Илюшин, С.М. Путис$gМинистерство образования и науки Российской Федерации, Федеральное государственное бюджетное учреждение высшего образования "Санкт-Петербургский государственный технологический институт (технический университет)", Кафедра химии и технологии органических соединений азота$vЧ. 1 _1700#1$aИлюшин$bМ. А.$gМихаил Алексеевич _911439991 _aИлюшин, М. А. _cСанкт-Петербург _d2018 _fМ.А. Илюшин, С.М. Путис _nПечатный цех _oучебное пособие : [для студентов 4-6 курсов по направлению подготовки 18.05.00 "Химическая технология энергонасыщенных веществ и материалов"] _tНитрование ароматических углеводородов _vЧ. 1 |
|
| 606 | 1 |
_aТротил _jУчебные издания для высших учебных заведений _xПроизводство _91829254 _3RU\NLR\AUTH\661119145 |
|
| 686 | 1 | _aЛ642.322я73-1 | |
| 942 | _cBOOK | ||
| 980 | _aNBR | ||
| 980 | _aNB | ||